program of tapping quality inspection in peam cheang rubber plantation,(កម្មវិធីត្រួតពិនិត្យគុណភាពចៀរជ័រនៅចំការកៅស៊ូពាមជំាង) (Record no. 577)

000 -LEADER
fixed length control field 00584nam a22001577a 4500
003 - CONTROL NUMBER IDENTIFIER
control field OSt
005 - DATE AND TIME OF LATEST TRANSACTION
control field 20150916144529.0
008 - FIXED-LENGTH DATA ELEMENTS--GENERAL INFORMATION
fixed length control field 150916b xxu||||| |||| 00| 0 eng d
040 ## - CATALOGING SOURCE
Transcribing agency RUA
082 ## - DEWEY DECIMAL CLASSIFICATION NUMBER
Classification number AGR BUN 2003 B029 Or.1
100 ## - MAIN ENTRY--PERSONAL NAME
9 (RLIN) 600
Personal name BUN CHANVANNAK
245 ## - TITLE STATEMENT
Title program of tapping quality inspection in peam cheang rubber plantation,(កម្មវិធីត្រួតពិនិត្យគុណភាពចៀរជ័រនៅចំការកៅស៊ូពាមជំាង)
260 ## - PUBLICATION, DISTRIBUTION, ETC. (IMPRINT)
Place of publication, distribution, etc. phnom penh
Name of publisher, distributor, etc. RUA
Date of publication, distribution, etc. 2003
300 ## - PHYSICAL DESCRIPTION
Extent 73p.
Dimensions ill.
Size of unit 29cm.
942 ## - ADDED ENTRY ELEMENTS (KOHA)
Source of classification or shelving scheme
Koha item type AGR
Holdings
Price effective from Date last seen Permanent Location Not for loan Date acquired Date last checked out Source of classification or shelving scheme Total Checkouts Koha item type Barcode Lost status Damaged status Withdrawn status Current Location Full call number
2015-09-162015-09-16Library Block B 2015-09-16   AGRRUA001110   Library Block BAGR BUN 2003 B029 Or.1
2015-09-162022-03-11Library Block B 2015-09-162022-02-28 2AGRRUA001182   Library Block BAGR BUN 2003 B029 Or.2
2016-05-252016-05-25Library Block B 2016-05-25   AGRRUA057953   Library Block BAGR BUN 2003 B029 Or.3
មជ្ឈមណ្ឌលឯការនៃសាកលវិទ្យាល័យភូមិន្ទកសិកម្មចំការដូង

Powered by Koha